000 00725nam a22002537a 4500
001 BR6002367
003 BR-BrBNA
005 20230928083126.0
007 ta
008 230509b bl.||||| |||| 00| 0 por d
040 _aBR-BrBNA
_bpor
_cBiblioteca Nacional de Agricultura
041 _a(Por)
072 _aK10
_b3240
090 _ 3240 BR6002367
100 1 _aBicudo, L.P.
110 1 _aCoordenadoria de Assistencia Tecnica Integral, Campinas, SP (Brasil). Depto. de Orientacao Tecnica
_92968
245 1 _aEucalipto em poucas palavras
260 3 _aCampinas, SP (Brasil):
_c1968.
300 _a4 p.
650 _aProducao florestal
650 _aEucalipto
909 _a202309
_bLucia
_c55
_dLucia Elande
942 _cBK
999 _c11695
_d11695